000 00686nam a2200241Ia 4500
003 OSt
005 20230620110104.0
008 210423s2013 xx 000 0 und d
020 _a978-81-265-4080-8
040 _cAL
041 _aeng
082 _a541.38
_223
_bFRIN
100 _aFRIEDLANDER (Gerhart);KENNEDY (Joseph W);MACIAS (Edward S);MILLER (Julian Malcolm)
_996838
245 _aNuclear and radiochemistry Ed 3
250 _a3
260 _aNew Delhi
_bWiley and Sons
_c2013
300 _axiii,684
_bPB
365 _b2999
_cINR
650 _aChemistry
_996839
650 _aPhysical Chemistry
_996840
906 _a3 ; Ed ; Nuclear ; radiochemistry
942 _2ddc
_cBK
999 _c170766
_d170766